00358pab a2200133 454500008004000000100001900040245005300059260000900112300001300121362001100134650001700145650002800162773003400190180718b2017 xxu||||| |||| 00| 0 eng d aBhardwaj, Atul aDoklam-Malabar: a dangerous concoction for India c2017 ap.10-11. a29 Jul aIndian ocean aInternational relations aEconomic and Political Weekly